000 00890nam a22002537a 4500
999 _c12737
_d12737
003 AR-CdUCM
008 190410b ||||| |||| 00| 0 spa d
040 _aMUNICIPALIDAD PROVINCIAL DEL CUSCO
_cBIBLIOTECA MUNICIPAL DEL CUSCO
041 _hrus
082 _a330.151 /
_bAV89
100 _aAvdakov, Y. F.
_930761
245 _aHistoria económica de los países capitalistas /
260 _aMéxico, D.F :
_bGrijalbo,
_c1965.
300 _axi, 590 paginas ;
_c21 cm.
505 _aContenido : Epoca de la esclavitud -- La época del feudalismo -- La época del capitalismo premonopolista -- Período del capitalismo...
650 _aCapitalismo
_93221
650 _aHistoria. Economía
_930762
650 _aEuropa
_91221
650 _aHistoria
_9136
700 _aPoloanskii,
_930763
700 _aFedor Iakolevich.
_930764
942 _2ddc
_cLIBROS
945 _awnts
_d2019-04-10